| 000 | 01188nam a2200277Ia 4500 | ||
|---|---|---|---|
| 003 | GCL | ||
| 008 | 140319s9999 xx 000 0 ara d | ||
| 040 |
_aGCL / _cGCL |
||
| 082 | 0 | 4 |
_a327.11 _bس ع |
| 100 | 1 | _aسليمان عبدالله العنيزى | |
| 245 | 1 | 0 |
_aالعدوان العراقى على المؤسسات العلمية والتربوية والثقافية بالكويت فى تقارير خبراء اليونسكو والمنظمات العربية والاسلامية / _cسليمان عبدالله العنيزى |
| 300 | _a159 ص | ||
| 490 |
_aالعدوان العراقى على الكويت: دراسات ووثائق _v0 |
||
| 650 | 0 | 4 | _aالعصر الحديث |
| 650 | 0 | 4 | _aالكويت |
| 650 | 0 | 4 | _aالعلاقات الخارجية |
| 650 | 0 | 4 | _aالامن الدولى |
| 650 | 0 | 4 | _aاليونسكو |
| 650 | 0 | 4 | _aالمنظمات الدولية |
| 650 | 0 | 4 | _aالاحتلال العراقى (1990 - 1991) |
| 650 | 0 | 4 | _aالكويت - تاريخ |
| 650 | 0 | 4 | _aالعدوان |
| 650 | 0 | 4 | _aالمنظمات العربية المتخصصة |
| 650 | 0 | 4 | _aالمنظمة العربية للتربية والثقافة |
| 942 |
_2ddc _cBK |
||
| 999 |
_c41113 _d41113 |
||